Daňové aspekty fúzii podnikateľských subjektov bakalárska práca

Na minha lista:
Detalhes bibliográficos
Autor principal: Repková, Eva
Autor Corporativo: Fakulta podnikového manažmentu EU. Katedra podnikovohospodárska
Outros Autores: Kovalev, Andrej
Formato: Livro
Idioma:eslovaco
Publicado em: Bratislava 2018
Tags: Adicionar Tag
Sem tags, seja o primeiro a adicionar uma tag!

MARC

LEADER 00000nbm a2200000 4500
001 0244973
005 20181009112449.0
041 0 |a slo 
044 |a SK 
245 1 0 |a Daňové aspekty fúzii podnikateľských subjektov  |b bakalárska práca  |c Eva Repková ; školiteľ: Andrej Kovalev 
264 1 |a Bratislava  |c 2018 
300 |a 37 s. 
100 1 |a Repková, Eva 
700 1 |a Kovalev, Andrej 
710 2 |a Fakulta podnikového manažmentu EU. Katedra podnikovohospodárska